000 00355nam a2200133Ia 4500
008 231129s9999||||xx |||||||||||||| ||spa||
020 _a84-7069-429-4
040 _bspa
082 _aR 572 G531r
100 _aGispert Carlos
245 0 _aLas Razas Humanas
264 _aOceano-Instituto Gallach
942 _2ddc
_cBKS
999 _c18934
_d18934